000 00934nab a22002177a 4500
999 _c5590
_d5590
003 OSt
005 20251219122301.0
008 190429b xxu||||| |||| 00| 0 spa d
040 _cPJ
100 _96568
_aGialdino, Rolando E.
245 1 0 _aDerecho de reunión/protesta e invalidez del Protocolo para el mantenimiento del orden público ante el corte de vías de circulación /
_cRolando E. Gialdino.
260 _cCiudad Autónoma de Buenos Aires :
_aThomson Reuters La Ley,
_b2025.
300 _ap. 60-76
500 _aCita: AR/DOC/1346/2025.
505 _tSi te interesa el texto completo, solicitalo a koha@justierradelfuego.gov.ar
650 0 _9343
_aDERECHO PENAL
650 0 _96569
_aDERECHO DE REUNION
650 0 _9716
_aORDEN PUBLICO
773 0 _02658
_93164
_tRevista de derecho penal y criminología. Nº 6 - Julio 2025
_dCiudad Autónoma de Buenos Aires : Thomson Reuters La Ley, 2017-
_x00347914
942 _2udc
_cANA